Psicología integrativa
Saved in:
| Main Authors: | , |
|---|---|
| Format: | Bog |
| Sprog: | spansk |
| Udgivet: |
Ciudad de México
Porrúa
1964
|
| Fag: | |
| Tags: |
Tilføj Tag
Ingen Tags, Vær først til at tagge denne postø!
|
MARC
| LEADER | 00000nam a2200000 a 4500 | ||
|---|---|---|---|
| 001 | UCY5632 | ||
| 003 | CL-VaPUC | ||
| 008 | 950512e19640404MX |||||||||||||||||spa|d | ||
| 082 | 0 | 4 | |a 150 |b LAR |2 21 |
| 100 | |a Larroyo, Francisco |e author |9 477021 | ||
| 700 | 0 | |a Escobar, Edmundo |e author |9 334628 | |
| 245 | 1 | 0 | |a Psicología integrativa |
| 300 | |a 385 p | ||
| 942 | |c BK | ||
| 945 | |d 19950512 00:00:00 |a mfernand | ||
| 260 | |a Ciudad de México |b Porrúa |c 1964 | ||
| 650 | 0 | |a Psicología |9 257863 | |
| 650 | 0 | |a Metodología |9 256610 | |
| 650 | 7 | |a HISTORIA DE LA PSICOLOGIA |2 CL-VaPUC |9 334629 | |
| 650 | 0 | |a Conciencia |9 309452 | |
| 650 | 0 | |a Percepción |9 266750 | |
| 650 | 0 | |a Imaginación |9 269378 | |
| 650 | 7 | |a SENSACION |2 CL-VaPUC |9 334611 | |
| 650 | 0 | |a Memoria |9 266549 | |
| 650 | 0 | |a Intuición |9 333290 | |
| 650 | 7 | |a PSICOLOGIA AFECTIVA |2 CL-VaPUC |9 334630 | |
| 650 | 0 | |a Emociones |9 265224 | |
| 650 | 0 | |a Voluntad |9 307812 | |
| 650 | 7 | |a HABITOS |2 CL-VaPUC |9 311931 | |
| 650 | 0 | |a Psicología social |9 222894 | |
| 650 | 0 | |a Personalidad |9 307255 | |
| 650 | 7 | |a CARACTERIOLOGIA |2 CL-VaPUC |9 334613 | |
| 650 | 0 | |a Psicología del niño |9 307305 | |
| 650 | 0 | |a Psicología del adolescente |9 307864 | |
| 650 | 7 | |a PSICOLOGIA GERIATRICA |2 CL-VaPUC |9 334631 | |
| 650 | 7 | |a PSICOFISIOLOGIA |2 CL-VaPUC |9 307700 | |
| 650 | 7 | |a PSICOSIS |2 CL-VaPUC |9 315438 | |
| 650 | 0 | |a Enfermedades mentales |9 310204 | |
| 583 | |a last modification |c 19950512 00:00:00 |k Rodrigo Vera | ||
| 999 | |c 233264 |d 233262 | ||
| 952 | |0 0 |1 0 |4 0 |6 150_000000000000000_LAR_1964 |7 0 |8 P |9 238669 |a BIBEDU |b BIBEDU |c BIBEDU_PB |d 2019-11-18 |i 1503251 |o 150 LAR 1964 |p 1503251 |r 2024-01-25 |w 2019-11-18 |y BK |k EDU | ||